000 01250nac a22002891i 4500
003 EG-ScBUE
005 20250526100358.0
008 250416s1969 nyua f b 001 0 eng d
040 _aEG-ScBUE
_beng
_erda
_cEG-ScBUE
_dEG-ScBUE
082 0 4 _a530.144
_222
_bMAN
111 2 _aMallorca International School of Physics
_d(1969 :
_cPalma de Mallorca, Spain)
245 0 4 _aThe many-body problem :
_bMallorca International School of Physics, August 1969 /
_cDirector L. M. Garrido, professor of theoretical physics, University of Barcelona ; edited by A. Cruz, University of Zaragoza and T. W. Preist, University of Exeter.
264 1 _aNew York :
_bPlenum Press,
_c1969.
300 _axvii, 333 pages :
_billustrations ;
_c24 cm
336 _2rdacontent
_atext
_btxt
337 _aunmediated
_2rdamedia
_bn
338 _avolume
_bnc
_2rdacarrier
500 _aHeld Aug. 1969; sponsored by J. L. Villar-Palasi, Minister of Education of Spain.
504 _aIncludes bibliographical references.
650 7 _aMany-body problem
_xCongresses.
_2BUEsh
655 _vReading book
700 1 _aCruz, A.,
_eeditor.
700 1 _aGarrido, L. M.,
_edirector.
700 1 _aPreist, T. W.,
_eeditor.
942 _cBB
_2ddc
999 _c1775
_d1775